[Event "Lezajsk Merlin-B 1st"]
[Site "Lezajsk"]
[Date "2021.08.09"]
[Round "8"]
[White "Jakubowska, Urszula"]
[Black "Rosc, Ignacy"]
[Result "1/2-1/2"]
[WhiteElo "1375"]
[BlackElo "1449"]
[PlyCount "81"]
[EventDate "2021.08.04"]
[EventType "tourn"]
[EventRounds "9"]
[EventCountry "POL"]
[SourceTitle "EXT 2023"]
[Source "ChessBase"]
[SourceDate "2022.10.05"]
[SourceVersion "1"]
[SourceVersionDate "2022.10.05"]
[SourceQuality "1"]

1. d4 c6 2. e4 d5 3. f3 e6 4. Bf4 Nd7 5. Nd2 Qb6 6. Nb3 a5 7. a4 Ne7 8. Bd3 Ng6 9. Bg3 Be7 10. Ne2 h5 11. c3 h4 12. Bf2 Qc7 13. e5 Ngf8 14. Qc2 c5 15. Bb5 c4 16. Nd2 b6 17. b3 cxb3 18. Qxb3 Ba6 19. c4 dxc4 20. Qxc4 Qxc4 21. Nxc4 Bb4+ 22. Kd1 Bxb5 23. axb5 Ng6 24. Be1 Be7 25. f4 0-0-0 26. Kc2 Kb7 27. Kb3 Rc8 28. Bd2 Rc7 29. Rhc1 Rhc8 30. Nb2 Rxc1 31. Rxc1 Rxc1 32. Nxc1 Bd8 33. Nc4 Bc7 34. Ne2 Ne7 35. Be1 Nf5 36. Bf2 Bd8 37. Nd2 f6 38. Nf3 fxe5 39. Nxe5 Nxe5 40. dxe5 g5 41. g3 1/2-1/2

[Event "Lezajsk Merlin-B 1st"]
[Site "Lezajsk"]
[Date "2021.08.08"]
[Round "6"]
[White "Lachut, Tomasz"]
[Black "Rosc, Ignacy"]
[Result "0-1"]
[WhiteElo "1395"]
[BlackElo "1449"]
[PlyCount "136"]
[EventDate "2021.08.04"]
[EventType "tourn"]
[EventRounds "9"]
[EventCountry "POL"]
[SourceTitle "EXT 2023"]
[Source "ChessBase"]
[SourceDate "2022.10.05"]
[SourceVersion "1"]
[SourceVersionDate "2022.10.05"]
[SourceQuality "1"]

1. d4 c6 2. e4 d5 3. f3 e6 4. Nc3 Bb4 5. Qd3 Ne7 6. e5 Nd7 7. Be3 c5 8. a3 Ba5 9. f4 Qb6 10. Rb1 Nc6 11. Nf3 cxd4 12. Nxd4 Nc5 13. Qb5 Bxc3+ 14. bxc3 Ne4 15. c4 Bd7 16. Qxb6 axb6 17. Nb5 0-0 18. cxd5 exd5 19. Bxb6 Ne7 20. Ra1 Bxb5 21. Bxb5 Rfc8 22. Bd3 Rc6 23. Be3 Nf5 24. Bd2 Nd4 25. Ra2 Rac8 26. Bxe4 dxe4 27. c3 Nb3 28. Rb2 Nxd2 29. Kxd2 Rxc3 30. Rxb7 Rd3+ 31. Ke2 Rc2+ 32. Ke1 g6 33. Rb1 Rxa3 34. g4 Raa2 35. h4 Rf2 36. f5 gxf5 37. gxf5 Rxf5 38. Rg1+ Kf8 39. Rb8+ Ke7 40. Rb7+ Ke6 41. Rg7 h5 42. Rb6+ Kxe5 43. Rb5+ Kf4 44. Rxf5+ Kxf5 45. Rxf7+ Kg4 46. Kf1 Rh2 47. Kg1 Rxh4 48. Kg2 Kg5 49. Kg3 Rg4+ 50. Kh3 Rf4 51. Re7 Rf3+ 52. Kg2 Kf4 53. Rh7 Rg3+ 54. Kh2 Rg5 55. Rf7+ Rf5 56. Re7 Kf3 57. Kg1 Ke3 58. Re8 Kd3 59. Rd8+ Ke2 60. Re8 e3 61. Re7 Kd2 62. Rd7+ Ke1 63. Re7 e2 64. Rd7 Rg5+ 65. Kh2 Kf2 66. Rf7+ Ke3 67. Re7+ Kf3 68. Rf7+ Ke4 0-1

[Event "Lezajsk Merlin-B 1st"]
[Site "Lezajsk"]
[Date "2021.08.06"]
[Round "3"]
[White "Rosc, Ignacy"]
[Black "Cwieka, Konrad"]
[Result "1/2-1/2"]
[WhiteElo "1449"]
[BlackElo "1292"]
[PlyCount "43"]
[EventDate "2021.08.04"]
[EventType "tourn"]
[EventRounds "9"]
[EventCountry "POL"]
[SourceTitle "EXT 2023"]
[Source "ChessBase"]
[SourceDate "2022.10.05"]
[SourceVersion "1"]
[SourceVersionDate "2022.10.05"]
[SourceQuality "1"]

1. d4 d5 2. Bf4 Nf6 3. Nf3 Bf5 4. e3 c6 5. Nbd2 e6 6. c3 Bd6 7. Bxd6 Qxd6 8. Be2 0-0 9. Nh4 Bg6 10. Nxg6 hxg6 11. 0-0 Nbd7 12. c4 c5 13. cxd5 Nxd5 14. Ne4 Qb6 15. dxc5 Nxc5 16. Nxc5 Qxc5 17. Qb3 b6 18. Rac1 Qb4 19. Qxb4 Nxb4 20. Bf3 Rac8 21. a3 Nd3 22. Rxc8 1/2-1/2